Culture Générale - Série 1747 - Statistiques

Statistiques générales
  • Ce quiz a été pris 88 fois
  • Le résultat moyen est 3 sur 10
Statistiques - réponses
Question Réponse % Correct
Les canaux qui transportent l'œuf fertilisé jusqu'à l'utérus s'appellent : les trompes de .... Fallope
67%
Quelle partie de leur corps les criquets mâles utilisent-ils pour chanter ? ailes
49%
À quel scientifique juif a-t-on demandé de devenir le deuxième président d'Israël en 1952, à l'âge de 73 ans ? Albert Einstein
45%
Citez les 3 pays côtiers de la mer des Wadden ? : 1 Allemagne
38%
Citez les 3 pays côtiers de la mer des Wadden ? : 2 Danemark
38%
Citez les 3 pays côtiers de la mer des Wadden ? : 3 Pays Bas
36%
Si vous êtes atteint de maladie cœliaque, quel aliment devez-vous éviter de manger ? gluten
29%
De quel pays la kuna est-elle la devise officielle ? Croatie
21%
Quelle profession est cataloguée comme étant la plus dangereuse au monde ? pêcheur
4%
Comment appelle-t-on un groupe d'oies en vol ? écheveau
1%
Aucun quiz correspondant
Distribution des résultats
% des personnes avec chaque résultat
Percentile par nombre de réponses
Votre historique - résultats
Vous n’avez pas pris ce quiz